<?xml version="1.0" encoding="UTF-8"?>
<record
    xmlns:xsi="http://www.w3.org/2001/XMLSchema-instance"
    xsi:schemaLocation="http://www.loc.gov/MARC21/slim http://www.loc.gov/standards/marcxml/schema/MARC21slim.xsd"
    xmlns="http://www.loc.gov/MARC21/slim">

  <leader>02690nam a2200457 a 4500</leader>
  <controlfield tag="003">CHAP</controlfield>
  <controlfield tag="005">20230317190042.0</controlfield>
  <controlfield tag="007">ta</controlfield>
  <controlfield tag="008">230316s2013    mx adbof |||| 001 0 spa d</controlfield>
  <datafield tag="020" ind1=" " ind2=" ">
    <subfield code="a">978-607-715-104-3</subfield>
  </datafield>
  <datafield tag="040" ind1=" " ind2=" ">
    <subfield code="e">rda</subfield>
    <subfield code="a">mxchpua</subfield>
    <subfield code="c">CHAP</subfield>
  </datafield>
  <datafield tag="050" ind1="1" ind2="0">
    <subfield code="a">TP339</subfield>
    <subfield code="b">.E54 2013</subfield>
  </datafield>
  <datafield tag="082" ind1="0" ind2="0">
    <subfield code="a">621.3121</subfield>
    <subfield code="b">E54 2013</subfield>
    <subfield code="2">20</subfield>
  </datafield>
  <datafield tag="245" ind1="1" ind2="0">
    <subfield code="a">Energ&#xED;a alterna y biocombustibles : </subfield>
    <subfield code="b">innovaci&#xF3;n e investigaci&#xF3;n para un desarrollo sustentable / </subfield>
    <subfield code="c">editores Arturo P&#xE9;rez V&#xE1;zquez y Eliseo Garc&#xED;a P&#xE9;rez </subfield>
  </datafield>
  <datafield tag="250" ind1=" " ind2=" ">
    <subfield code="a">1a edici&#xF3;n </subfield>
  </datafield>
  <datafield tag="264" ind1=" " ind2=" ">
    <subfield code="a">M&#xE9;xico : </subfield>
    <subfield code="b">Colegio de Postgraduados,</subfield>
    <subfield code="c">2013</subfield>
  </datafield>
  <datafield tag="300" ind1=" " ind2=" ">
    <subfield code="a">vi, 208 paginas : </subfield>
    <subfield code="b">ilustraciones, gr&#xE1;ficas, mapas, fotograf&#xED;as </subfield>
  </datafield>
  <datafield tag="336" ind1=" " ind2=" ">
    <subfield code="2">rdacontent</subfield>
    <subfield code="a">texto</subfield>
    <subfield code="b">txt</subfield>
  </datafield>
  <datafield tag="337" ind1=" " ind2=" ">
    <subfield code="2">rdamedia</subfield>
    <subfield code="a">sin medio</subfield>
    <subfield code="b">n</subfield>
  </datafield>
  <datafield tag="338" ind1=" " ind2=" ">
    <subfield code="2">rdacarrier</subfield>
    <subfield code="a">volumen</subfield>
    <subfield code="b">nc</subfield>
  </datafield>
  <datafield tag="490" ind1="1" ind2=" ">
    <subfield code="a">Biblioteca B&#xE1;sica de Agricultura (Colegio de Postgraduados)</subfield>
    <subfield code="v">41</subfield>
  </datafield>
  <datafield tag="504" ind1=" " ind2=" ">
    <subfield code="a">Incluye bibliograf&#xED;a</subfield>
  </datafield>
  <datafield tag="505" ind1="0" ind2=" ">
    <subfield code="a">Experiencias exitosas --
&#x2013; Energ&#xED;as alternas --
&#x2013; Germoplasma y mejoramiento gen&#xE9;tico --
&#x2013; Industrializaci&#xF3;n y comercializaci&#xF3;n --
&#x2013; Manejo agron&#xF3;mico --
&#x2013; Aspectos socioecon&#xF3;micos y ambientales </subfield>
  </datafield>
  <datafield tag="520" ind1="2" ind2=" ">
    <subfield code="a">Los biocombustibles son un tema sin duda pol&#xE9;mico, con relevancia actual y futura. En esta obra se incluyen 19 contribuciones de diferentes autores, presentadas en el Congreso Internacional sobre Biocombustibles y Energ&#xED;as Alternas, que se realiz&#xF3; en el World Trade Center de la ciudad de Boca del R&#xED;o, Ver., M&#xE9;xico, en octubre de 2011.
Aqu&#xED; se presentan avances cient&#xED;ficos importantes sobre fuentes de energ&#xED;a alterna y biocombustibles, por expertos de diversos pa&#xED;ses (Brasil, Alemania, Colombia, Argentina y M&#xE9;xico).

Los estudiosos de estos temas podr&#xE1;n documentar aqu&#xED; sus inquietudes sobre estos t&#xF3;picos, as&#xED; como encontrar resultados tangibles, cuya aplicaci&#xF3;n puede contribuir a mitigar los efectos de la crisis energ&#xE9;tica mundial y a paliar los efectos del cambio clim&#xE1;tico, acentuado por la quema de combustibles f&#xF3;siles.</subfield>
  </datafield>
  <datafield tag="650" ind1="1" ind2="3">
    <subfield code="9">36881</subfield>
    <subfield code="a">Energ&#xED;a</subfield>
  </datafield>
  <datafield tag="650" ind1="1" ind2="3">
    <subfield code="9">186444</subfield>
    <subfield code="a">Fuentes de energ&#xED;a renovable</subfield>
  </datafield>
  <datafield tag="650" ind1="1" ind2="3">
    <subfield code="9">186446</subfield>
    <subfield code="a">Industria bioenerg&#xE9;tica</subfield>
  </datafield>
  <datafield tag="650" ind1="1" ind2="3">
    <subfield code="9">12731</subfield>
    <subfield code="a">Bioenerg&#xED;a</subfield>
  </datafield>
  <datafield tag="650" ind1="1" ind2="3">
    <subfield code="9">12825</subfield>
    <subfield code="a">Biomasa</subfield>
  </datafield>
  <datafield tag="650" ind1="1" ind2="3">
    <subfield code="9">151002</subfield>
    <subfield code="a">Biocombustibles  </subfield>
  </datafield>
  <datafield tag="650" ind1="1" ind2="3">
    <subfield code="9">150147</subfield>
    <subfield code="a">Energy</subfield>
  </datafield>
  <datafield tag="650" ind1="1" ind2="3">
    <subfield code="9">186445</subfield>
    <subfield code="a">Renewable energy sources</subfield>
  </datafield>
  <datafield tag="650" ind1="1" ind2="3">
    <subfield code="9">186447</subfield>
    <subfield code="a">Bioenergy industry</subfield>
  </datafield>
  <datafield tag="650" ind1="1" ind2="3">
    <subfield code="9">186448</subfield>
    <subfield code="a">Bioenergy</subfield>
  </datafield>
  <datafield tag="650" ind1="1" ind2="3">
    <subfield code="9">148614</subfield>
    <subfield code="a">Biomass</subfield>
  </datafield>
  <datafield tag="650" ind1="1" ind2="0">
    <subfield code="9">151003</subfield>
    <subfield code="a">Biofuels</subfield>
  </datafield>
  <datafield tag="700" ind1="1" ind2=" ">
    <subfield code="9">90099</subfield>
    <subfield code="a">P&#xE9;rez V&#xE1;zquez, Arturo</subfield>
    <subfield code="e">editor</subfield>
  </datafield>
  <datafield tag="700" ind1="1" ind2=" ">
    <subfield code="9">46448</subfield>
    <subfield code="a">Garc&#xED;a P&#xE9;rez, Eliseo</subfield>
    <subfield code="e">editor</subfield>
  </datafield>
  <datafield tag="830" ind1=" " ind2="0">
    <subfield code="9">186443</subfield>
    <subfield code="a">Biblioteca B&#xE1;sica de Agricultura (Colegio de Postgraduados)</subfield>
    <subfield code="n">41</subfield>
  </datafield>
  <datafield tag="942" ind1=" " ind2=" ">
    <subfield code="2">ddc</subfield>
    <subfield code="c">Libro</subfield>
  </datafield>
  <datafield tag="999" ind1=" " ind2=" ">
    <subfield code="c">218556</subfield>
    <subfield code="d">218556</subfield>
  </datafield>
  <datafield tag="952" ind1=" " ind2=" ">
    <subfield code="0">0</subfield>
    <subfield code="1">0</subfield>
    <subfield code="2">ddc</subfield>
    <subfield code="4">0</subfield>
    <subfield code="5">1</subfield>
    <subfield code="7">0</subfield>
    <subfield code="8">GRAL</subfield>
    <subfield code="a">IA_</subfield>
    <subfield code="b">IA_</subfield>
    <subfield code="d">2021-12-09</subfield>
    <subfield code="e">Compra Librer&#xED;a UACh F 39634 </subfield>
    <subfield code="i">Consumo</subfield>
    <subfield code="l">0</subfield>
    <subfield code="o">621.3121 E54 2013</subfield>
    <subfield code="p">1102014454</subfield>
    <subfield code="r">2023-03-17 00:00:00</subfield>
    <subfield code="t">Ej. 1</subfield>
    <subfield code="w">2023-03-17</subfield>
    <subfield code="y">LIBRO</subfield>
  </datafield>
  <datafield tag="952" ind1=" " ind2=" ">
    <subfield code="0">0</subfield>
    <subfield code="1">0</subfield>
    <subfield code="2">ddc</subfield>
    <subfield code="4">0</subfield>
    <subfield code="5">5</subfield>
    <subfield code="7">0</subfield>
    <subfield code="8">GRAL</subfield>
    <subfield code="a">IA_</subfield>
    <subfield code="b">IA_</subfield>
    <subfield code="d">2021-12-09</subfield>
    <subfield code="e">Compra Librer&#xED;a UACh F 39634 </subfield>
    <subfield code="i">Consumo</subfield>
    <subfield code="l">2</subfield>
    <subfield code="o">621.3121 E54 2013</subfield>
    <subfield code="p">1102014455</subfield>
    <subfield code="r">2025-06-20 13:59:51</subfield>
    <subfield code="s">2025-06-13</subfield>
    <subfield code="t">Ej. 2</subfield>
    <subfield code="w">2023-03-17</subfield>
    <subfield code="y">LIBRO</subfield>
  </datafield>
</record>
